000 00561nam a2200229 a 4500
001 0001-1388
003 ELIB.Books
008 160727 2010 eng
020 _a0829808949 (alk.paper)
035 _a(ELIB.Books)0001-1543
092 _a231.044
_bDuc
100 _aDuck, Ruth C.
245 _aGender and the Name of God
260 _aOhio
_bThe Pilgrim Press
_c1991
300 _a220
_c23 Cm
650 _aGod
856 _nKBTS Library
_uKBTS: ELIB
942 _2ddc
_cBK
990 _a1
998 _cbat
_e2016-07-27
999 _c11388
_d11388